| 000 | 00749nam a22002532i 4500 | ||
|---|---|---|---|
| 001 | 21139 | ||
| 003 | BD-RjUL | ||
| 005 | 20211209000643.0 | ||
| 008 | 140303t19701968enk 000 0 eng d | ||
| 020 | _a0224618296 | ||
| 035 |
_a(BD-RjUL)21203 _aOCLC ocm03264619 from D950408M |
||
| 040 |
_aISU _cISU _dBD-RjUL _beng |
||
| 041 | 1 | _aengfre | |
| 082 | 0 | 4 |
_219 _a801.95 _bBUI 1970 |
| 100 | 1 |
_aButor, Michel. _953073 |
|
| 245 | 1 | 0 |
_aInventory : _bessays / _cMichel Butor ; edited and with a foreword by Richard Howard |
| 260 |
_aLondon : _bJonathan Cape, _cc1968 [1970]. |
||
| 300 |
_a318 p. ; _c23 cm |
||
| 650 | 0 |
_aCriticism _965331 |
|
| 700 | 1 |
_aHoward, Richard _953075 |
|
| 942 |
_2ddc _cBK |
||
| 999 |
_c21139 _d21139 |
||